Statistiken für "Eingeklemmte" Länder mit Karte

Klicken Sie hier um das Quiz zu spielen!

Allgemein

  • Dieses Quiz wurde 183 mal gespielt
  • Das Durchschnittsergebnis liegt bei 4 aus 7

Antworten auf der Karte

Die Antworten werden auf der Karte rot bzw. grün angezeigt, abhängig davon wie oft sie richtig erraten wurden.
 

Antwortstatistiken

Antwort% Korrekt
Liechtenstein
73%
Mongolei
71%
Nepal
66%
Bhutan
58%
Andorra
56%
Moldawien
43%
Eswatini
39%

Verteilung der Resultate

Perzentil nach korrekt beantworteten Fragen

Anzahl Personen mit jedem Resultat

Ihre Resultats-Entwicklung

Sie haben dieses Quiz noch nicht gespielt